[Event "Ramadan Masters Online"]
[Site "Chess.com INT"]
[Date "2020.05.08"]
[Round "11"]
[White "Devnani, Kush"]
[Black "Cagatin, Hermie"]
[Result "1-0"]
[WhiteElo "1853"]
[BlackElo "1866"]
[PlyCount "113"]
[EventDate "2020.05.08"]
[EventType "swiss (blitz)"]
[EventRounds "12"]
[EventCountry "USA"]
[SourceTitle "CBM 196 Extra"]
[Source "ChessBase"]
[SourceDate "2020.07.31"]
[SourceVersion "1"]
[SourceVersionDate "2020.07.31"]
[SourceQuality "1"]

1. d4 d5 2. c4 c6 3. Nf3 g6 4. g3 Bg7 5. Bg2 Nh6 6. 0-0 0-0 7. b3 f6 8. Bb2 Nf7 9. cxd5 cxd5 10. Nc3 Nc6 11. e3 Re8 12. Rc1 Bg4 13. h3 Bxf3 14. Bxf3 e6 15. Re1 Rc8 16. Bg2 f5 17. h4 a6 18. Na4 b6 19. Qe2 b5 20. Nc5 Nb8 21. Rc2 Nd6 22. Rec1 Qe7 23. f3 Nf7 24. Kh2 Rc7 25. a4 bxa4 26. bxa4 Rec8 27. Bf1 h5 28. Nxa6 Nxa6 29. Rxc7 Nxc7 30. Qc2 Bf8 31. Bd3 Qd8 32. a5 g5 33. hxg5 Nxg5 34. Kg2 Bd6 35. a6 Ra8 36. Qc6 Nf7 37. f4 h4 38. Bc3 hxg3 39. Ba5 Kf8 40. Bxc7 Bxc7 41. Qxc7 Qxc7 42. Rxc7 Nd6 43. Rc6 Ke7 44. Kxg3 Ne4+ 45. Bxe4 fxe4 46. Rb6 Kd7 47. Kg4 Kc7 48. Rxe6 Kd7 49. Rh6 Rg8+ 50. Kf5 Ra8 51. a7 Kc7 52. Ke5 Kb7 53. Rh7+ Kb6 54. Kxd5 Rd8+ 55. Kxe4 Re8+ 56. Kf3 Ra8 57. f5 1-0

[Event "Ramadan Masters Online"]
[Site "Chess.com INT"]
[Date "2020.05.08"]
[Round "7"]
[White "Garbea, Bogdan"]
[Black "Cagatin, Hermie"]
[Result "1-0"]
[WhiteElo "2280"]
[BlackElo "1866"]
[PlyCount "67"]
[EventDate "2020.05.08"]
[EventType "swiss (blitz)"]
[EventRounds "12"]
[EventCountry "USA"]
[SourceTitle "CBM 196 Extra"]
[Source "ChessBase"]
[SourceDate "2020.07.31"]
[SourceVersion "1"]
[SourceVersionDate "2020.07.31"]
[SourceQuality "1"]

1. d4 d5 2. c4 c6 3. Nc3 g6 4. Bf4 Bg7 5. e3 f6 6. Nf3 Nh6 7. cxd5 cxd5 8. Qb3 e6 9. h4 Nf7 10. h5 g5 11. Bg3 h6 12. e4 dxe4 13. Nxe4 0-0 14. Bc4 g4 15. Nh4 Qxd4 16. Nc3 Re8 17. 0-0 Nc6 18. Nb5 Qc5 19. Nc7 Na5 20. Qb5 Qxb5 21. Bxb5 Rf8 22. Nxa8 a6 23. Bd3 f5 24. Nb6 Bxb2 25. Rab1 Bf6 26. Ng6 Re8 27. Rfc1 Nc6 28. Bxa6 bxa6 29. Rxc6 Bb7 30. Rc7 Be4 31. Rd1 e5 32. Rdd7 Ng5 33. Bxe5 Bd8 34. Rg7# 1-0

[Event "Sharjah op rapid"]
[Site "Sharjah"]
[Date "2016.06.12"]
[Round "2"]
[White "Mista, Aleksander"]
[Black "Cagatin, Hermie"]
[Result "1-0"]
[WhiteElo "2593"]
[BlackElo "1866"]
[PlyCount "59"]
[EventDate "2016.06.12"]
[EventType "swiss (rapid)"]
[EventRounds "9"]
[EventCountry "UAE"]
[SourceTitle "CBM 173 Extra"]
[Source "ChessBase"]
[SourceDate "2016.08.29"]
[SourceVersion "1"]
[SourceVersionDate "2016.08.29"]
[SourceQuality "1"]

1. e4 d6 2. d4 g6 3. Nc3 Bg7 4. Be3 Nd7 5. h4 c5 6. h5 cxd4 7. Bxd4 Ngf6 8. h6 Bf8 9. Bc4 a6 10. Nf3 e5 11. Ng5 d5 12. exd5 exd4 13. d6 Ne5 14. Qe2 Qxd6 15. Nxf7 Qc5 16. Nxe5 Be7 17. Nb1 Bf5 18. Nd2 0-0-0 19. g4 Bd7 20. 0-0-0 Kb8 21. Nb3 Qc8 22. Rxd4 Bc5 23. Nxc5 Qxc5 24. Rhd1 Qc8 25. g5 Bf5 26. gxf6 Rde8 27. f7 Re7 28. Nc6+ bxc6 29. Qxe7 g5 30. Rd8 1-0